[Event "EU-ch Online U2300 Final"]
[Site "Chess.com INT"]
[Date "2020.05.26"]
[Round "5"]
[White "Altarboush, Wared"]
[Black "Koskela, Niina"]
[Result "1-0"]
[WhiteElo "2234"]
[BlackElo "2197"]
[PlyCount "99"]
[EventDate "2020.05.26"]
[EventType "swiss"]
[EventRounds "8"]
[EventCountry "NET"]
[SourceTitle "CBM 196 Extra"]
[Source "ChessBase"]
[SourceDate "2020.07.31"]
[SourceVersion "1"]
[SourceVersionDate "2020.07.31"]
[SourceQuality "1"]

1. e4 e5 2. Nf3 Nc6 3. Bb5 a6 4. Ba4 Nf6 5. 0-0 Be7 6. Qe2 b5 7. Bb3 d6 8. c3 0-0 9. Rd1 Nd7 10. d4 Bf6 11. Bd5 Bb7 12. dxe5 dxe5 13. Be3 Qe7 14. Nbd2 Na5 15. Bxb7 Nxb7 16. c4 c6 17. a4 b4 18. b3 Ndc5 19. Ne1 Rfd8 20. g3 a5 21. h4 Rd7 22. Rab1 Rad8 23. Ng2 h6 24. Kf1 Kh7 25. Qf3 Rd3 26. h5 Qd7 27. Ne1 Rd6 28. Ke2 Kg8 29. Qf5 Qxf5 30. exf5 e4 31. Ng2 Bc3 32. Nf4 Bxd2 33. Rxd2 Rxd2+ 34. Bxd2 Nd3 35. Be3 Nxf4+ 36. Bxf4 Rd3 37. Be3 Rc3 38. Rd1 Rxb3 39. Rd7 Rb2+ 40. Kf1 Rc2 41. Rxb7 Rxc4 42. g4 f6 43. Ke2 Rc3 44. Rb8+ Kf7 45. Kd2 Ra3 46. Bc5 Rd3+ 47. Ke2 g5 48. hxg6+ Kg7 49. Bf8+ Kg8 50. Bxh6+ 1-0

[Event "EU-ch Online U2300 Final"]
[Site "Chess.com INT"]
[Date "2020.05.26"]
[Round "4"]
[White "Koskela, Niina"]
[Black "Gorodetzky, Matan"]
[Result "1-0"]
[WhiteElo "2197"]
[BlackElo "2284"]
[PlyCount "119"]
[EventDate "2020.05.26"]
[EventType "swiss"]
[EventRounds "8"]
[EventCountry "NET"]
[SourceTitle "CBM 196 Extra"]
[Source "ChessBase"]
[SourceDate "2020.07.31"]
[SourceVersion "1"]
[SourceVersionDate "2020.07.31"]
[SourceQuality "1"]

1. e4 e6 2. d3 d5 3. Nd2 Nf6 4. Ngf3 Be7 5. g3 0-0 6. Bg2 b5 7. 0-0 c5 8. Re1 Nc6 9. h4 b4 10. e5 Nd7 11. Nf1 a5 12. N1h2 Ba6 13. Ng4 Re8 14. Bf4 Bf8 15. Ng5 Nd4 16. Ne3 h6 17. Nh3 Nc6 18. Ng4 Qe7 19. h5 Rab8 20. Qd2 Nd4 21. c3 Nf5 22. Ne3 bxc3 23. bxc3 d4 24. Nxf5 exf5 25. e6 fxe6 26. Bxb8 Nxb8 27. Nf4 e5 28. cxd4 cxd4 29. Ng6 Qf6 30. Qxa5 Bd6 31. Rad1 Rc8 32. Rc1 Rxc1 33. Rxc1 Kh7 34. Qb6 e4 35. dxe4 d3 36. e5 Bxe5 37. Qxf6 gxf6 38. Nxe5 fxe5 39. Rc7+ Kh8 40. Bf3 e4 41. Bd1 Kg8 42. a4 Kf8 43. a5 Ke8 44. Ba4+ Kd8 45. Rh7 d2 46. Rxh6 Be2 47. Rd6+ Kc7 48. Rxd2 Bxh5 49. Bb5 Kb7 50. Rd5 Bg4 51. Rd6 Ka7 52. Kf1 Bf3 53. Ke1 Kb7 54. Kd2 Kc7 55. Rb6 Bg4 56. Ke3 Bh3 57. Kf4 Bg4 58. Ke5 Bh3 59. Rh6 Kb7 60. Rxh3 1-0

[Event "EU-ch Online U2300 Qual"]
[Site "Chess.com INT"]
[Date "2020.05.25"]
[Round "6"]
[White "Koskela, Niina"]
[Black "Grigoryan, Aram"]
[Result "1-0"]
[WhiteElo "2197"]
[BlackElo "1996"]
[PlyCount "35"]
[EventDate "2020.05.25"]
[EventType "swiss"]
[EventRounds "8"]
[EventCountry "NET"]
[SourceTitle "EXT 2021"]
[Source "ChessBase"]
[SourceDate "2020.10.23"]
[SourceVersion "1"]
[SourceVersionDate "2020.10.23"]
[SourceQuality "1"]

1. e4 e6 2. d3 d5 3. Nd2 c5 4. Ngf3 Nc6 5. g3 g6 6. Bg2 Bg7 7. 0-0 Nf6 8. Re1 0-0 9. c3 a5 10. a4 Qb6 11. exd5 exd5 12. Nb3 c4 13. Nbd4 Bg4 14. Nb5 Rad8 15. Be3 d4 16. cxd4 cxd3 17. d5 Nd4 18. Bxd4 1-0

[Event "EU-ch Online U2300 Qual"]
[Site "Chess.com INT"]
[Date "2020.05.25"]
[Round "5"]
[White "Koskela, Niina"]
[Black "Kabanova, Ekaterina"]
[Result "0-1"]
[WhiteElo "2197"]
[BlackElo "2138"]
[PlyCount "92"]
[EventDate "2020.05.25"]
[EventType "swiss"]
[EventRounds "8"]
[EventCountry "NET"]
[SourceTitle "EXT 2021"]
[Source "ChessBase"]
[SourceDate "2020.10.23"]
[SourceVersion "1"]
[SourceVersionDate "2020.10.23"]
[SourceQuality "1"]

1. e4 c5 2. Nf3 e6 3. d3 Qc7 4. g3 b5 5. Bg2 Bb7 6. 0-0 d6 7. Nbd2 Nd7 8. Re1 Be7 9. Nf1 Ngf6 10. h4 h6 11. N1h2 a5 12. Qe2 e5 13. Nf1 Ng4 14. N3h2 Ngf6 15. Ne3 g6 16. Rf1 a4 17. a3 Rc8 18. f4 exf4 19. gxf4 Nh5 20. Qf2 Ndf6 21. Bd2 Bf8 22. Bc3 Bg7 23. Nhg4 Nxg4 24. Nxg4 Bxc3 25. bxc3 Qe7 26. Rae1 Kf8 27. f5 g5 28. d4 Nf4 29. d5 f6 30. Qe3 Qg7 31. Rxf4 gxf4 32. Qxf4 Rd8 33. Kh2 h5 34. Ne3 Rg8 35. Rg1 Rd7 36. Qf2 Qh6 37. Bf1 Rdg7 38. Rxg7 Rxg7 39. Be2 b4 40. cxb4 cxb4 41. Nc4 Ba6 42. axb4 Qc1 43. Nxd6 Bxe2 44. e5 fxe5 45. f6 Rg4 46. Nf5 Qf4+ 0-1

[Event "EU-chT (Women) 20th"]
[Site "Reykjavik"]
[Date "2015.11.15"]
[Round "3.13"]
[White "Bengtsson, Jessica"]
[Black "Koskela, Niina"]
[Result "0-1"]
[WhiteElo "2040"]
[BlackElo "2204"]
[PlyCount "74"]
[EventDate "2015.11.13"]
[EventType "team-swiss"]
[EventRounds "9"]
[EventCountry "ISL"]
[SourceTitle "CBM 169 Extra"]
[Source "ChessBase"]
[SourceDate "2015.12.18"]
[SourceVersion "1"]
[SourceVersionDate "2015.12.18"]
[SourceQuality "1"]
[WhiteTeam "Sweden (W)"]
[BlackTeam "Norway (W)"]
[WhiteTeamCountry "SWE"]
[BlackTeamCountry "NOR"]

1. e4 e5 2. Nf3 Nc6 3. Bb5 a6 4. Ba4 Nf6 5. d3 d6 6. c3 Be7 7. 0-0 0-0 8. Re1 Bg4 9. h3 Bh5 10. Nbd2 Nd7 11. Nf1 Bxf3 12. Qxf3 Bg5 13. Ne3 Nc5 14. Bc2 Ne6 15. Nd5 Bxc1 16. Raxc1 Ne7 17. Nxe7+ Qxe7 18. g3 c6 19. Rcd1 b5 20. d4 exd4 21. cxd4 c5 22. dxc5 dxc5 23. e5 Nd4 24. Qe4 g6 25. h4 Rad8 26. Kg2 Qe6 27. Bb1 b4 28. h5 Rfe8 29. hxg6 hxg6 30. f4 Kg7 31. Rh1 Rh8 32. b3 Qg4 33. Bd3 Nf5 34. Rxh8 Qxg3+ 35. Kf1 Rxh8 36. Re1 Rh4 37. Ke2 Rxf4 0-1

[Event "EU-chT (Women) 20th"]
[Site "Reykjavik"]
[Date "2015.11.14"]
[Round "2.12"]
[White "Olsarova, Karolina"]
[Black "Koskela, Niina"]
[Result "1-0"]
[WhiteElo "2224"]
[BlackElo "2204"]
[PlyCount "165"]
[EventDate "2015.11.13"]
[EventType "team-swiss"]
[EventRounds "9"]
[EventCountry "ISL"]
[SourceTitle "CBM 169 Extra"]
[Source "ChessBase"]
[SourceDate "2015.12.18"]
[SourceVersion "1"]
[SourceVersionDate "2015.12.18"]
[SourceQuality "1"]
[WhiteTeam "Czech Republic (W)"]
[BlackTeam "Norway (W)"]
[WhiteTeamCountry "CZE"]
[BlackTeamCountry "NOR"]

1. e4 e5 2. Nf3 Nc6 3. Bb5 a6 4. Ba4 Nf6 5. 0-0 Be7 6. Re1 b5 7. Bb3 d6 8. c3 0-0 9. h3 Nb8 10. d4 Nbd7 11. Nbd2 Bb7 12. Bc2 Re8 13. Nf1 Bf8 14. Bg5 h6 15. Bh4 c5 16. dxe5 Nxe5 17. Nxe5 dxe5 18. Qf3 Qb6 19. Ne3 Nh7 20. Rad1 Bc8 21. Rd2 Qg6 22. Red1 Be6 23. a4 c4 24. Nd5 Ra7 25. Qe3 Rb7 26. Kh1 Qh5 27. Bg3 Rc8 28. Bh2 Bc5 29. Qg3 Re8 30. f4 exf4 31. Nxf4 Qg5 32. Nxe6 fxe6 33. Qxg5 hxg5 34. axb5 axb5 35. e5 Nf8 36. Be4 Rc7 37. Rd8 Rc8 38. Rxe8 Rxe8 39. Bg1 Bxg1 40. Kxg1 Rc8 41. Rd6 Kf7 42. Kf2 Ke7 43. Rb6 g4 44. Rxb5 gxh3 45. gxh3 Nd7 46. Ke3 Rh8 47. Kd4 Rxh3 48. Kxc4 g5 49. Bc6 Rh4+ 50. Kd3 Kd8 51. Bxd7 Kxd7 52. Rb7+ Kc6 53. Rg7 Rh3+ 54. Kc4 Rh4+ 55. Kd3 Rh3+ 56. Kc4 Rh4+ 57. Kb3 Rg4 58. Ra7 Rg2 59. c4 g4 60. Kc3 Rg3+ 61. Kb4 Re3 62. Rg7 g3 63. b3 Kb6 64. Rg6 Rxe5 65. Rxg3 Kc6 66. Rd3 Re1 67. Rd8 Re5 68. Kc3 Re3+ 69. Rd3 Re1 70. Rh3 Re4 71. Kd3 Rg4 72. b4 Kd6 73. Re3 Rh4 74. Kc3 Rg4 75. b5 e5 76. Rd3+ Ke6 77. Kb4 e4 78. Rd8 Ke5 79. Kc5 Rg7 80. Re8+ Kf4 81. b6 e3 82. Kc6 Rg6+ 83. Kc7 1-0

[Event "NOR-chT 1415"]
[Site "Norway"]
[Date "2014.11.01"]
[Round "2.4"]
[White "Trygstad, Kristian J"]
[Black "Koskela, Niina"]
[Result "1/2-1/2"]
[WhiteElo "2195"]
[BlackElo "2238"]
[PlyCount "43"]
[EventDate "2014.10.31"]
[EventType "team-tourn"]
[EventRounds "11"]
[EventCountry "NOR"]
[SourceTitle "EXT 2015"]
[Source "ChessBase"]
[SourceDate "2014.11.20"]
[SourceVersion "1"]
[SourceVersionDate "2014.11.20"]
[SourceQuality "1"]
[WhiteTeam "Oslo SK 1911"]
[BlackTeam "SOSS"]
[WhiteTeamCountry "NOR"]
[BlackTeamCountry "NOR"]

1. e4 e5 2. Nf3 Nc6 3. Bc4 Bc5 4. c3 Nf6 5. d3 d6 6. Bb3 a6 7. h3 Ba7 8. Nbd2 Be6 9. Bc2 h6 10. Nf1 d5 11. Qe2 dxe4 12. dxe4 Qd7 13. Ng3 b5 14. Bb3 Rd8 15. Be3 Bxe3 16. Qxe3 Qd3 17. Qxd3 Rxd3 18. Ke2 Rd6 19. Rhd1 Ke7 20. Bxe6 fxe6 21. a4 Nd7 22. axb5 1/2-1/2

[Event "Olympiad Women-41"]
[Site "Tromsoe"]
[Date "2014.08.10"]
[Round "8.4"]
[White "Koskela, Niina"]
[Black "Cemhan, Kardelen"]
[Result "1-0"]
[WhiteElo "2213"]
[BlackElo "2019"]
[PlyCount "131"]
[EventDate "2014.08.02"]
[EventType "team-swiss"]
[EventRounds "11"]
[EventCountry "NOR"]
[SourceTitle "CBM 162"]
[Source "ChessBase"]
[SourceDate "2014.09.17"]
[SourceVersion "1"]
[SourceVersionDate "2014.09.17"]
[SourceQuality "1"]
[WhiteTeam "Norway (W)"]
[BlackTeam "Turkey (W)"]
[WhiteTeamCountry "NOR"]
[BlackTeamCountry "TUR"]

1. e4 e5 2. Bc4 Nf6 3. d3 c6 4. Nf3 Be7 5. 0-0 b5 6. Bb3 d6 7. c3 a5 8. a4 b4 9. cxb4 axb4 10. Nbd2 c5 11. Nc4 0-0 12. Ne3 Nc6 13. Nd5 Be6 14. Nxf6+ Bxf6 15. Be3 Qd7 16. Nd2 Na5 17. Bc4 Be7 18. Bb5 Qb7 19. f4 exf4 20. Bxf4 d5 21. e5 f6 22. Qe2 f5 23. Nf3 Nc6 24. Bg5 Na7 25. Qf2 h6 26. Bxe7 Qxe7 27. h4 Rab8 28. Rfe1 Nxb5 29. axb5 Rxb5 30. Ra6 Rfb8 31. h5 R5b6 32. Rxb6 Rxb6 33. Nh4 Qg5 34. Ng6 Rc6 35. Ra1 Rc8 36. Nf4 Bf7 37. e6 Bxh5 38. Nxd5 Kh7 39. b3 Be8 40. Ra7 Qc1+ 41. Kh2 Qg5 42. Nf4 Rd8 43. Nh3 Qf6 44. Qxc5 Qxe6 45. Re7 Qg6 46. Re3 Rb8 47. Nf4 Qf6 48. Qc7 Ra8 49. Nd5 Qh4+ 50. Rh3 Qg5 51. Nf4 Ra2 52. Rg3 Qh4+ 53. Nh3 Qf6 54. Qb8 Qe7 55. Qb6 Rb2 56. Re3 Qf8 57. Qb8 Bc6 58. Qxf8 Rxg2+ 59. Kh1 Rg3+ 60. Re4 fxe4 61. Qf5+ Kg8 62. Qc8+ Kh7 63. Qf5+ Kg8 64. dxe4 Bxe4+ 65. Qxe4 Rxh3+ 66. Kg2 1-0

[Event "Olympiad Women-41"]
[Site "Tromsoe"]
[Date "2014.08.02"]
[Round "1.4"]
[White "Kim, Yubin"]
[Black "Koskela, Niina"]
[Result "0-1"]
[WhiteElo "1421"]
[BlackElo "2213"]
[PlyCount "138"]
[EventDate "2014.08.02"]
[EventType "team-swiss"]
[EventRounds "11"]
[EventCountry "NOR"]
[SourceTitle "CBM 162"]
[Source "ChessBase"]
[SourceDate "2014.09.17"]
[SourceVersion "1"]
[SourceVersionDate "2014.09.17"]
[SourceQuality "1"]
[WhiteTeam "South Korea (W)"]
[BlackTeam "Norway (W)"]
[WhiteTeamCountry "KOR"]
[BlackTeamCountry "NOR"]

1. e4 e5 2. Nf3 Nc6 3. d4 exd4 4. Nxd4 Nf6 5. Bg5 h6 6. Bh4 g5 7. Bg3 Nxe4 8. Nxc6 dxc6 9. Qxd8+ Kxd8 10. Bd3 Nxg3 11. hxg3 Bg7 12. c3 Ke7 13. Nd2 Rd8 14. Bc4 b6 15. 0-0-0 Bb7 16. Rhe1+ Kf8 17. Re2 Re8 18. Rde1 Rxe2 19. Rxe2 Rd8 20. Nf3 c5 21. Re3 Bf6 22. Kc2 g4 23. Ne5 Bxe5 24. Rxe5 Bxg2 25. Be2 Bd5 26. Bxg4 Bxa2 27. Re4 Bd5 28. Re5 a5 29. Re3 a4 30. Be2 Bb3+ 31. Kc1 Rd6 32. Re4 c6 33. Re3 Be6 34. Kc2 c4 35. Kc1 b5 36. Re4 Bd5 37. Re5 Rd8 38. Re3 Kg7 39. Kc2 Kf6 40. Kc1 Be6 41. Rf3+ Ke5 42. Re3+ Kd6 43. Kc2 Ra8 44. Rf3 Bg4 45. Re3 Bf5+ 46. Kc1 a3 47. bxa3 Rxa3 48. Kb2 Ra8 49. Bh5 Be6 50. Rf3 Ke7 51. Re3 Rd8 52. Bf3 Kd6 53. Re4 Kc7 54. Re2 Kb6 55. Kc2 c5 56. Be4 b4 57. Bf3 Rd3 58. Re3 Bf5 59. Rxd3 cxd3+ 60. Kb3 Be6+ 61. Kb2 Kb5 62. cxb4 Kxb4 63. Be4 c4 64. Kc1 Kc3 65. f3 Bd7 66. f4 d2+ 67. Kb1 d1Q+ 68. Ka2 Qc1 69. g4 Qb2# 0-1

[Event "Southend op 58th"]
[Site "Southend"]
[Date "2014.04.19"]
[Round "3"]
[White "Koskela, Niina"]
[Black "Bates, Richard"]
[Result "1/2-1/2"]
[WhiteElo "2193"]
[BlackElo "2342"]
[PlyCount "86"]
[EventDate "2014.04.18"]
[EventType "swiss"]
[EventRounds "7"]
[EventCountry "ENG"]
[SourceTitle "EXT 2016"]
[Source "ChessBase"]
[SourceDate "2015.10.08"]
[SourceVersion "1"]
[SourceVersionDate "2015.10.08"]
[SourceQuality "1"]

1. e4 c5 2. Nf3 d6 3. d4 cxd4 4. Nxd4 Nf6 5. Nc3 a6 6. Be2 e5 7. Nb3 Be7 8. 0-0 0-0 9. Be3 Be6 10. Qd2 Nbd7 11. a4 Rc8 12. a5 Re8 13. Rfd1 h6 14. Qe1 Bf8 15. h3 Qc7 16. Nc1 Ra8 17. Rd2 Qc6 18. Bf3 b6 19. axb6 Nxb6 20. Bxb6 Qxb6 21. Na4 Qc6 22. b3 Be7 23. c4 Bd8 24. Nc3 Bb6 25. N1e2 Bc5 26. Rd3 Rab8 27. Na4 Ba7 28. Ng3 Red8 29. Qd1 Rb4 30. Rc1 Rd7 31. Qd2 a5 32. Qd1 Bc5 33. Nxc5 Qxc5 34. Ra1 Rdb7 35. Nf1 a4 36. Rxa4 Rxa4 37. bxa4 Bxc4 38. Rxd6 Bxf1 39. Rd8+ Kh7 40. Qxf1 Rb2 41. Rd1 Qb6 42. Qe1 Rb4 43. Ra1 Qa5 1/2-1/2

[Event "NOR-chT 1314"]
[Site "Norway"]
[Date "2013.11.01"]
[Round "1.2"]
[White "Koskela, Niina"]
[Black "Moen, Andreas"]
[Result "0-1"]
[WhiteElo "2208"]
[BlackElo "2365"]
[PlyCount "144"]
[EventDate "2013.11.01"]
[EventType "team-tourn"]
[EventRounds "9"]
[EventCountry "NOR"]
[SourceTitle "EXT 2014"]
[Source "ChessBase"]
[SourceDate "2013.11.20"]
[SourceVersion "1"]
[SourceVersionDate "2013.11.20"]
[SourceQuality "1"]
[WhiteTeam "SOSS"]
[BlackTeam "OSS"]
[WhiteTeamCountry "NOR"]
[BlackTeamCountry "NOR"]

1. e4 e5 2. Bc4 Nf6 3. d3 c6 4. Nf3 d5 5. Bb3 Bb4+ 6. Bd2 a5 7. a3 Bxd2+ 8. Nbxd2 Nbd7 9. 0-0 0-0 10. Re1 Re8 11. Ba2 Qc7 12. b4 Nf8 13. Qc1 Bg4 14. Qb2 Ng6 15. h3 Bd7 16. d4 exd4 17. exd5 cxd5 18. Rxe8+ Rxe8 19. Qxd4 Nf4 20. Kh1 Ne2 21. Qc5 Qxc5 22. bxc5 Rc8 23. c4 Rxc5 24. cxd5 Rc1+ 25. Rxc1 Nxc1 26. Bb1 Nxd5 27. Nc4 a4 28. Be4 Bc6 29. Bxd5 Bxd5 30. Nb6 Bb3 31. Ne5 Ne2 32. Ned7 Nd4 33. Nc5 Ne6 34. Nbxa4 Bxa4 35. Nxa4 Kf8 36. Kg1 Ke7 37. Kf1 Kd6 38. Ke2 Nd4+ 39. Kd3 Nb5 40. Nc3 Nxa3 41. Ne4+ Kd7 42. Kd4 Nc2+ 43. Kc5 f5 44. Nd6 b6+ 45. Kd5 Nb4+ 46. Ke5 Nd3+ 47. Kd5 g6 48. g4 Nf4+ 49. Ke5 Nd3+ 50. Kd5 fxg4 51. hxg4 Nxf2 52. g5 b5 53. Nxb5 Nh3 54. Ke5 Ke7 55. Nc3 Nxg5 56. Nd5+ Kf7 57. Kf4 Ne6+ 58. Kg4 h6 59. Kh4 h5 60. Nc3 Kg7 61. Ne2 Kh6 62. Ng3 g5+ 63. Kh3 Nf4+ 64. Kh2 g4 65. Nf5+ Kg5 66. Ne3 h4 67. Nf1 Ne2 68. Ne3 Nf4 69. Nf1 Kh5 70. Ne3 g3+ 71. Kg1 h3 72. Kh1 Ne2 0-1

[Event "Oslo Vederhus Memorial op"]
[Site "Oslo"]
[Date "2013.09.29"]
[Round "4"]
[White "Koskela, Niina"]
[Black "Haugli, Petter"]
[Result "0-1"]
[WhiteElo "2220"]
[BlackElo "2293"]
[PlyCount "132"]
[EventDate "2013.09.29"]
[EventType "swiss"]
[EventRounds "9"]
[EventCountry "NOR"]
[SourceTitle "CBM 156 Extra"]
[Source "ChessBase"]
[SourceDate "2013.10.22"]
[SourceVersion "1"]
[SourceVersionDate "2013.10.22"]
[SourceQuality "1"]

1. e4 c5 2. Nf3 e6 3. d3 Nc6 4. g3 Nf6 5. Bg2 Be7 6. 0-0 0-0 7. c3 d5 8. e5 Nd7 9. d4 b6 10. Re1 Ba6 11. a3 Qc7 12. Nbd2 Bd3 13. Nf1 Be4 14. Bf4 Na5 15. N1d2 Bd3 16. Re3 Bf5 17. b4 Nc6 18. h4 h6 19. Rc1 Qd8 20. Re1 Rc8 21. Nf1 Re8 22. Qd2 Bf8 23. N3h2 a5 24. b5 Ne7 25. g4 Bh7 26. h5 Kh8 27. Ng3 Ng8 28. g5 cxd4 29. cxd4 Bxa3 30. Rxc8 Qxc8 31. Qe3 hxg5 32. Bxg5 Be7 33. Bxe7 Nxe7 34. Rc1 Qd8 35. h6 Rg8 36. Qf4 Nf5 37. Nxf5 Bxf5 38. hxg7+ Rxg7 39. Nf3 Be4 40. Kf1 Bd3+ 41. Kg1 Be4 42. Rc3 Kg8 43. Kf1 Qe7 44. Ne1 Bxg2+ 45. Nxg2 Qb4 46. Rh3 Qxb5+ 47. Kg1 Qb1+ 48. Kh2 Nf8 49. Qh4 Rh7 50. Qg3+ Kh8 51. Qg5 Rxh3+ 52. Kxh3 a4 53. Nh4 a3 54. Qe7 Kg8 55. Qxa3 b5 56. Qg3+ Ng6 57. Nxg6 Qxg6 58. Qc3 Qf5+ 59. Kg3 Qb1 60. f3 b4 61. Qc8+ Kg7 62. Qd8 Qc1 63. Kf2 b3 64. Qb6 Qc2+ 65. Ke3 b2 66. Qd8 Qg6 0-1

[Event "Oslo Vederhus Memorial op"]
[Site "Oslo"]
[Date "2013.09.29"]
[Round "9"]
[White "Koskela, Niina"]
[Black "Persson, Mats"]
[Result "1/2-1/2"]
[WhiteElo "2220"]
[BlackElo "2238"]
[PlyCount "28"]
[EventDate "2013.09.29"]
[EventType "swiss"]
[EventRounds "9"]
[EventCountry "NOR"]
[SourceTitle "CBM 156 Extra"]
[Source "ChessBase"]
[SourceDate "2013.10.22"]
[SourceVersion "1"]
[SourceVersionDate "2013.10.22"]
[SourceQuality "1"]

1. e4 e5 2. Bc4 Nc6 3. Nf3 Bc5 4. c3 Nf6 5. d3 d6 6. Nbd2 0-0 7. 0-0 h6 8. Re1 Re8 9. Bb5 Bd7 10. Nf1 a6 11. Ba4 b5 12. Bc2 d5 13. exd5 Nxd5 14. d4 exd4 1/2-1/2

[Event "Oslo Vederhus Memorial op"]
[Site "Oslo"]
[Date "2013.09.29"]
[Round "5"]
[White "Schmitz, Thorsten"]
[Black "Koskela, Niina"]
[Result "1-0"]
[WhiteElo "2322"]
[BlackElo "2220"]
[PlyCount "79"]
[EventDate "2013.09.29"]
[EventType "swiss"]
[EventRounds "9"]
[EventCountry "NOR"]
[SourceTitle "CBM 156 Extra"]
[Source "ChessBase"]
[SourceDate "2013.10.22"]
[SourceVersion "1"]
[SourceVersionDate "2013.10.22"]
[SourceQuality "1"]

1. e4 e5 2. Nf3 Nc6 3. Bc4 Bc5 4. d3 Nf6 5. Nc3 d6 6. Bg5 h6 7. Bxf6 Qxf6 8. Nd5 Qd8 9. c3 0-0 10. d4 Bb6 11. dxe5 Nxe5 12. Be2 Be6 13. 0-0 Nxf3+ 14. Bxf3 Bxd5 15. Qxd5 Rb8 16. Rad1 Qf6 17. Qd3 Rfe8 18. Rd2 Qe6 19. b3 Qe5 20. Qc2 c6 21. g3 h5 22. Bg2 h4 23. Kh1 hxg3 24. fxg3 Re6 25. Rf5 Qxf5 26. exf5 Re1+ 27. Bf1 Rxf1+ 28. Kg2 Rg1+ 29. Kh3 d5 30. Re2 Rf1 31. Qd3 Kf8 32. g4 f6 33. g5 fxg5 34. Qg3 g4+ 35. Kh4 Rd8 36. Qe5 Rf2 37. Qe7+ Kg8 38. Rxf2 Bxf2+ 39. Kxg4 Bb6 40. f6 1-0

[Event "Copenhagen Obro New Year op"]
[Site "Copenhagen"]
[Date "2012.12.30"]
[Round "7"]
[White "Haubro, Martin"]
[Black "Koskela, Niina"]
[Result "1-0"]
[WhiteElo "2168"]
[BlackElo "2211"]
[PlyCount "65"]
[EventDate "2012.12.27"]
[EventType "swiss"]
[EventRounds "7"]
[EventCountry "DEN"]
[SourceTitle "CBM 152 Extra"]
[Source "ChessBase"]
[SourceDate "2013.02.25"]
[SourceVersion "1"]
[SourceVersionDate "2013.02.25"]
[SourceQuality "1"]

1. e4 e5 2. Nf3 Nc6 3. Bc4 Bc5 4. 0-0 Nf6 5. d3 a6 6. c3 Ba7 7. h3 0-0 8. Re1 d6 9. Bb3 h6 10. Nbd2 Nh5 11. Nf1 Qf6 12. Be3 Nf4 13. Bxf4 Qxf4 14. Ne3 Ne7 15. d4 Qf6 16. dxe5 dxe5 17. Nh2 Kh8 18. Qh5 Ng6 19. Nhg4 Qg5 20. Qxg5 hxg5 21. Rad1 f6 22. Rd2 Nf4 23. Nf5 Bc5 24. Red1 Ne6 25. Bc4 g6 26. Nfe3 c6 27. b4 Be7 28. Rd7 Bxd7 29. Rxd7 Ng7 30. Rxe7 b5 31. Bf7 Nh5 32. Bxg6 Nf4 33. Rh7+ 1-0

[Event "Copenhagen Obro New Year op"]
[Site "Copenhagen"]
[Date "2012.12.29"]
[Round "5"]
[White "Hansen, Mads"]
[Black "Koskela, Niina"]
[Result "1/2-1/2"]
[WhiteElo "2313"]
[BlackElo "2211"]
[PlyCount "131"]
[EventDate "2012.12.27"]
[EventType "swiss"]
[EventRounds "7"]
[EventCountry "DEN"]
[SourceTitle "CBM 152 Extra"]
[Source "ChessBase"]
[SourceDate "2013.02.25"]
[SourceVersion "1"]
[SourceVersionDate "2013.02.25"]
[SourceQuality "1"]

1. c4 Nf6 2. g3 e6 3. Bg2 d5 4. Nf3 Be7 5. 0-0 0-0 6. b3 c5 7. Bb2 Nc6 8. e3 d4 9. exd4 cxd4 10. Re1 Re8 11. a3 a5 12. d3 Bf8 13. Ne5 Nxe5 14. Rxe5 Ra7 15. Nd2 Bd6 16. Rb5 e5 17. c5 Bf8 18. Rc1 Nd5 19. Nc4 Nc3 20. Bxc3 dxc3 21. Qc2 Bd7 22. Rxb7 Rxb7 23. Bxb7 Bxc5 24. Qxc3 Qf6 25. Rc2 Bd4 26. Qxa5 h5 27. Qd5 Bg4 28. b4 h4 29. Qe4 Bd1 30. Rd2 hxg3 31. hxg3 Bh5 32. Kg2 Bg6 33. Qf3 Qg5 34. Be4 f5 35. Bd5+ Kf8 36. Ne3 f4 37. Qg4 Qf6 38. Nc2 Bf5 39. Qh5 Bc3 40. Rd1 Ke7 41. Be4 Be6 42. Ne1 g5 43. Qh7+ Kf8 44. Nf3 Re7 45. Qh5 Rg7 46. Rc1 g4 47. Nh4 fxg3 48. fxg3 Rf7 49. Ng6+ Ke8 50. Bc6+ Bd7 51. Bxd7+ Kxd7 52. Qxg4+ Kd6 53. Qe4 Qf2+ 54. Kh3 Qd2 55. Rg1 Bd4 56. Rg2 Qd1 57. b5 Rc7 58. Nh4 Qh1+ 59. Kg4 Rg7+ 60. Kh5 Qd1+ 61. Re2 Rc7 62. Nf5+ Kc5 63. Nxd4 exd4 64. Qe5+ Kb6 65. Kg5 Rc5 66. Kf6 1/2-1/2

[Event "Copenhagen Obro New Year op"]
[Site "Copenhagen"]
[Date "2012.12.28"]
[Round "3"]
[White "Hector, Jonny"]
[Black "Koskela, Niina"]
[Result "1-0"]
[WhiteElo "2539"]
[BlackElo "2211"]
[PlyCount "65"]
[EventDate "2012.12.27"]
[EventType "swiss"]
[EventRounds "7"]
[EventCountry "DEN"]
[SourceTitle "CBM 152 Extra"]
[Source "ChessBase"]
[SourceDate "2013.02.25"]
[SourceVersion "1"]
[SourceVersionDate "2013.02.25"]
[SourceQuality "1"]

1. e4 e5 2. Nf3 Nc6 3. Bc4 Bc5 4. c3 Nf6 5. d4 exd4 6. cxd4 Bb4+ 7. Nbd2 Nxe4 8. d5 Ne7 9. 0-0 Nxd2 10. Bxd2 Bxd2 11. d6 cxd6 12. Qxd2 d5 13. Bxd5 0-0 14. Bb3 d5 15. Rfe1 Bg4 16. Qb4 Be6 17. Qxb7 Qd6 18. Rac1 a5 19. Qb5 g6 20. Qe2 a4 21. Bc2 Rfb8 22. Bd3 Qf4 23. Ne5 Rb7 24. Rc2 Rab8 25. Rd1 Nf5 26. g3 Qh6 27. Nc6 Rf8 28. Bb5 Ra8 29. a3 Qh3 30. Bd3 d4 31. Rc5 Ne3 32. fxe3 Bg4 33. Qf1 1-0

[Event "NOR-chT 1011"]
[Site "Oslo"]
[Date "2011.04.03"]
[Round "9"]
[White "Koskela, Niina"]
[Black "Tari, Aryan"]
[Result "0-1"]
[WhiteElo "2191"]
[BlackElo "2058"]
[PlyCount "102"]
[EventDate "2010.11.05"]
[EventType "team-tourn"]
[EventRounds "9"]
[EventCountry "NOR"]
[SourceTitle "EXT 2012"]
[Source "ChessBase"]
[SourceDate "2011.11.24"]
[SourceVersion "1"]
[SourceVersionDate "2011.11.24"]
[SourceQuality "1"]
[WhiteTeam "SOSS"]
[BlackTeam "Asker"]
[WhiteTeamCountry "NOR"]
[BlackTeamCountry "NOR"]

1. e4 c5 2. Nf3 Nc6 3. d4 cxd4 4. Nxd4 g6 5. Nc3 Bg7 6. Be3 Nf6 7. Nb3 a5 8. a4 0-0 9. Be2 d6 10. 0-0 Nb4 11. f4 Qc7 12. Nd4 Bd7 13. Bf3 Rfc8 14. Rf2 Bc6 15. Ndb5 Qb8 16. Rd2 b6 17. Qe1 Qb7 18. Bf2 Rab8 19. Nd4 Nd7 20. Nxc6 Qxc6 21. e5 Qc4 22. Rd4 Qe6 23. Qd1 h5 24. Rd2 Qf5 25. g3 Rc4 26. Nd5 Nxd5 27. Bxd5 Rc7 28. exd6 exd6 29. c3 Nf6 30. Bf3 Bf8 31. Qc2 Qxc2 32. Rxc2 d5 33. Rd2 Bc5 34. Bxd5 Bxf2+ 35. Kxf2 Rd7 36. Rad1 Rbd8 37. c4 Ne4+ 38. Kf3 Nxd2+ 39. Rxd2 Re8 40. b4 axb4 41. Rb2 Rde7 42. Rxb4 Re3+ 43. Kg2 Re2+ 44. Kh3 Rc2 45. Rxb6 Kg7 46. Rb1 Ree2 47. Rh1 f6 48. g4 Re3+ 49. Kh4 Kh6 50. gxh5 g5+ 51. Kg4 Rf2 0-1